| 000 | 01235nam a2200313 i 4500 | ||
|---|---|---|---|
| 003 | EG-GICUC | ||
| 005 | 20260121101219.0 | ||
| 008 | 251113s2002 ua ||||fr|||| 00| 0 ara d | ||
| 040 |
_a EG-GICUC _bara _c EG-GICUC _d EG-GICUC _erda |
||
| 041 | 0 | _aara | |
| 082 | 0 | 4 |
_221 _a345 _bم ح . أ |
| 092 | 0 | 4 | _221 |
| 099 | _aLaw1 07 345 م ح . أ 2002 | ||
| 100 | 0 |
_aمحمد محمد بدران _eمؤلف. |
|
| 245 | 1 | 0 |
_aأصول القانون الإداري : _bالتعريف بالقانون الإداري، التنظيم الإداري، الوظيفة العامة والضبط الإداري / _cمحمد محمد بدران. |
| 264 |
_aالقاهرة : _bدار النهضة العربية، _c2002. |
||
| 300 |
_a722 صفحة ؛ _c24 سم. |
||
| 336 |
_2rda content _atext |
||
| 337 |
_2rda media _aComputer |
||
| 338 |
_2rda carrier _aOnline Resource |
||
| 504 | _aيشتمل على إرجاعات ببليوجرافية. | ||
| 546 | _aالنص باللغة العربية | ||
| 650 | 1 | 4 |
_aالضبط الإداري _2qrmak |
| 650 | 1 | 4 | _aطرق اختيار الموظف العام |
| 651 | 1 | _2qrmak | |
| 856 | 4 | 0 | _uhttps://fll.law.cu.edu.eg/fulltext/bks/B07-00569.pdf |
| 905 | _a65 | ||
| 942 |
_2ddc _cBK _e21 _n0 |
||
| 999 |
_c43106 _d43106 |
||